[Event "Mont de Marsan op"]
[Site "Mont de Marsan"]
[Date "2005.12.29"]
[Round "7"]
[White "Marni Sandid, Tarik"]
[Black "Pelloud, Frederic"]
[Result "1-0"]
[WhiteElo "1720"]
[BlackElo "1580"]
[PlyCount "144"]
[EventDate "2005.12.26"]
[EventType "swiss"]
[EventRounds "7"]
[EventCountry "FRA"]
[SourceTitle "CBM 110 Extra"]
[Source "ChessBase"]
[SourceDate "2006.03.10"]
[SourceVersion "2"]
[SourceVersionDate "2006.03.10"]
[SourceQuality "1"]

1. e4 e6 2. d4 d5 3. Nc3 Nf6 4. exd5 exd5 5. Nf3 Be7 6. Bb5+ c6 7. Be2 0-0 8. 0-0 Bg4 9. Bf4 Bxf3 10. Bxf3 Nbd7 11. Re1 Re8 12. Qd2 Nf8 13. Re2 Ng6 14. Bg3 Qd7 15. Rae1 Bf8 16. Qg5 Rxe2 17. Rxe2 Re8 18. Rxe8 Qxe8 19. h4 Qe6 20. h5 h6 21. Qd2 Ne7 22. Ne2 Ne4 23. Qa5 Nxg3 24. Nxg3 Nc8 25. Qc7 Nd6 26. Qa5 a6 27. b3 Nb5 28. Qd2 Bd6 29. Ne2 Qf6 30. a4 Nc7 31. c4 Qf5 32. Qd1 Ne6 33. Ng3 Qg5 34. cxd5 cxd5 35. Qc2 Nc7 36. Nf1 Qf4 37. Qd3 Qf6 38. Ne3 Qg5 39. Qf5 Qf4 40. Qxf4 Bxf4 41. Nxd5 Ne6 42. Nb4 Nxd4 43. Bxb7 Nxb3 44. Nxa6 Na5 45. Bc8 Kf8 46. Bd7 Ke7 47. Bb5 Kd6 48. Kf1 Bh2 49. Ke2 Be5 50. Ke3 Bc3 51. f4 Be1 52. g4 Bc3 53. Ke4 Bd2 54. f5 Bc3 55. Kd3 Be1 56. Ke4 Bc3 57. Be8 Ke7 58. Nc7 Kd8 59. Nd5 Kxe8 60. Nxc3 Kd7 61. Kd5 Kc7 62. Kc5 Kb7 63. Nb5 Nb3+ 64. Kb4 Nd2 65. Nd6+ Ka6 66. Nxf7 Ne4 67. Ne5 Nf6 68. a5 Nd5+ 69. Kc5 Nf6 70. Kd6 Kxa5 71. Ke6 Kb5 72. Kf7 Kc5 1-0

[Event "Mont de Marsan op"]
[Site "Mont de Marsan"]
[Date "2005.12.26"]
[Round "1"]
[White "Akif, Sebastien"]
[Black "Pelloud, Frederic"]
[Result "0-1"]
[WhiteElo "1010"]
[BlackElo "1580"]
[PlyCount "48"]
[EventDate "2005.12.26"]
[EventType "swiss"]
[EventRounds "7"]
[EventCountry "FRA"]
[SourceTitle "CBM 110 Extra"]
[Source "ChessBase"]
[SourceDate "2006.03.10"]
[SourceVersion "2"]
[SourceVersionDate "2006.03.10"]
[SourceQuality "1"]

1. e4 e6 2. d4 d5 3. exd5 exd5 4. Nc3 Nf6 5. Nf3 Be7 6. g3 0-0 7. Bg2 Re8 8. 0-0 Bg4 9. h3 Bxf3 10. Qxf3 c6 11. Bg5 Nbd7 12. h4 h6 13. Bh3 hxg5 14. Bxd7 Qxd7 15. hxg5 Qg4 16. Qe3 Bd6 17. Qd2 Ne4 18. Nxe4 Rxe4 19. Kg2 Re2 20. Qd1 Rae8 21. Re1 Qxg3+ 22. Kf1 Qh3+ 23. Kg1 Qh2+ 24. Kf1 Qh1# 0-1